[Event "Titled Tuesday 2022.07.05 Early"]
[Site "Chess.com INT"]
[Date "2022.07.05"]
[Round "2"]
[White "Preotu, Razvan"]
[Black "Mickiewicz, Piotr"]
[Result "1-0"]
[WhiteElo "2445"]
[BlackElo "2284"]
[WhiteFideId "-1"]
[WhiteFideId "-1"]
[PlyCount "65"]
[GameId "1801302042058752"]
[EventDate "2022.07.05"]
[EventType "swiss (blitz)"]
[EventRounds "11"]
[EventCountry "NET"]
[SourceTitle "CBM 209 Extra"]
[Source "ChessBase"]
[SourceDate "2022.09.30"]
[SourceVersion "1"]
[SourceVersionDate "2022.09.30"]
[SourceQuality "1"]

1. e4 c6 2. Nc3 d5 3. Nf3 Bg4 4. h3 Bh5 5. exd5 cxd5 6. Bb5+ Nc6 7. g4 Bg6 8. Ne5 Rc8 9. d4 e6 10. Qe2 Bd6 11. h4 Bxe5 12. Qxe5 Qf6 13. Bxc6+ bxc6 14. h5 Qxe5+ 15. dxe5 Bxc2 16. Be3 h6 17. Rc1 Bh7 18. Nb5 Rb8 19. Nd6+ Kd7 20. Nxf7 Ne7 21. Nxh8 Rxh8 22. Rc5 Rb8 23. b3 Rb4 24. Rg1 d4 25. Bd2 Rb5 26. Rxb5 cxb5 27. Bb4 Nc6 28. Bd6 Ke8 29. Kd2 Be4 30. f4 Kf7 31. g5 a6 32. g6+ Ke8 33. Rc1 1-0

[Event "Titled Tuesday 2022.07.05 Early"]
[Site "Chess.com INT"]
[Date "2022.07.05"]
[Round "4"]
[White "Preotu, Razvan"]
[Black "Malyi, Viacheslav"]
[Result "1-0"]
[WhiteElo "2445"]
[BlackElo "2391"]
[WhiteFideId "-1"]
[WhiteFideId "-1"]
[PlyCount "61"]
[GameId "1801302043402240"]
[EventDate "2022.07.05"]
[EventType "swiss (blitz)"]
[EventRounds "11"]
[EventCountry "NET"]
[SourceTitle "CBM 209 Extra"]
[Source "ChessBase"]
[SourceDate "2022.09.30"]
[SourceVersion "1"]
[SourceVersionDate "2022.09.30"]
[SourceQuality "1"]

1. e4 e5 2. Nf3 Nc6 3. Bc4 Bc5 4. c3 Nf6 5. d3 d6 6. O-O a6 7. a4 Ba7 8. Re1 O-O 9. h3 Ne7 10. d4 Ng6 11. Bd3 Re8 12. Be3 Be6 13. Nbd2 Nh5 14. Ng5 Nhf4 15. Nxe6 fxe6 16. Bf1 Qf6 17. g3 Rf8 18. dxe5 dxe5 19. Bxa7 Rxa7 20. gxf4 Nxf4 21. Qg4 h5 22. Qg3 h4 23. Qg4 Nxh3+ 24. Bxh3 Qxf2+ 25. Kh1 Qxd2 26. Rg1 Rf7 27. Raf1 Qd7 28. Qxe6 Qe7 29. Qc8+ Rf8 30. Rxf8+ Qxf8 31. Be6+ 1-0

[Event "Titled Tuesday 2022.07.05 Early"]
[Site "chess.com INT"]
[Date "2022.07.05"]
[Round "1"]
[White "Herman, Daniel"]
[Black "Preotu, Razvan"]
[Result "0-1"]
[WhiteElo "1957"]
[BlackElo "2445"]
[WhiteFideId "-1"]
[WhiteFideId "-1"]
[PlyCount "84"]
[GameId "2130307574066182"]
[EventDate "2022.07.05"]
[EventType "swiss (blitz)"]
[EventRounds "11"]
[EventCountry "NET"]
[SourceTitle "The Week in Chess 1444"]
[Source "Mark Crowther"]
[SourceDate "2022.07.11"]
[SourceVersion "1"]
[SourceVersionDate "2022.07.11"]
[SourceQuality "2"]

1. e4 c5 2. Nf3 d6 3. c3 Nf6 4. Be2 g6 5. O-O Bg7 6. Re1 O-O 7. Bf1 Nc6 8. h3 e5 9. d4 cxd4 10. cxd4 exd4 11. Nxd4 Nxd4 12. Qxd4 Re8 13. Qd3 Bf5 14. Nc3 d5 15. Bg5 dxe4 16. Qb5 Qb6 17. Qxb6 axb6 18. Be3 Nd7 19. Nd5 Bxb2 20. Rab1 Be5 21. Nxb6 Nxb6 22. Rxb6 Rxa2 23. Rxb7 Be6 24. Rc1 Ra1 25. Rxa1 Bxa1 26. h4 Be5 27. g3 Rc8 28. Kh2 Kg7 29. Bh3 Bxh3 30. Kxh3 Rc4 31. h5 gxh5 32. Rb6 Bf6 33. Bh6+ Kg6 34. Be3 Kf5 35. Rb5+ Be5 36. Bf4 f6 37. Bxe5 fxe5 38. Rb6 Rc2 39. Rh6 Rxf2 40. Rxh5+ Ke6 41. Rxh7 e3 42. Rh8 e2 0-1

[Event "Titled Tuesday 2022.07.05 Late"]
[Site "chess.com INT"]
[Date "2022.07.05"]
[Round "1"]
[White "Derraugh, Geordie"]
[Black "Preotu, Razvan"]
[Result "0-1"]
[WhiteElo "2182"]
[BlackElo "2445"]
[WhiteFideId "-1"]
[WhiteFideId "-1"]
[PlyCount "66"]
[GameId "2130307574099363"]
[EventDate "2022.07.05"]
[EventType "swiss (blitz)"]
[EventRounds "11"]
[EventCountry "NET"]
[SourceTitle "The Week in Chess 1444"]
[Source "Mark Crowther"]
[SourceDate "2022.07.11"]
[SourceVersion "1"]
[SourceVersionDate "2022.07.11"]
[SourceQuality "2"]

1. e4 c5 2. c3 Nf6 3. e5 Nd5 4. d4 cxd4 5. cxd4 d6 6. Nf3 Nc6 7. Nc3 dxe5 8. dxe5 Nxc3 9. Qxd8+ Nxd8 10. bxc3 Bd7 11. Nd4 Rc8 12. Bd2 e6 13. f4 Bc5 14. Rb1 Bb6 15. Bd3 O-O 16. Ke2 Nc6 17. Nb5 Ne7 18. Nd6 Rb8 19. Rhd1 Bc6 20. g3 Rfd8 21. c4 f6 22. Bb4 fxe5 23. fxe5 Ng6 24. Bxg6 hxg6 25. c5 Bc7 26. Rf1 Bxd6 27. exd6 Bb5+ 28. Ke3 Bxf1 29. Rxf1 Rf8 30. Re1 Rf5 31. Kd4 Kf7 32. Ba5 b6 33. cxb6 Rxa5 0-1

[Event "Titled Tuesday 2022.07.05 Late"]
[Site "chess.com INT"]
[Date "2022.07.05"]
[Round "5"]
[White "Preotu, Razvan"]
[Black "Adewumi, Tanitoluwa"]
[Result "1-0"]
[WhiteElo "2445"]
[BlackElo "2309"]
[WhiteFideId "-1"]
[WhiteFideId "-1"]
[PlyCount "31"]
[GameId "2130307574111818"]
[EventDate "2022.07.05"]
[EventType "swiss (blitz)"]
[EventRounds "11"]
[EventCountry "NET"]
[SourceTitle "The Week in Chess 1444"]
[Source "Mark Crowther"]
[SourceDate "2022.07.11"]
[SourceVersion "1"]
[SourceVersionDate "2022.07.11"]
[SourceQuality "2"]

1. e4 c5 2. Nf3 e6 3. c3 Nc6 4. d4 cxd4 5. cxd4 d6 6. Nc3 Nf6 7. d5 exd5 8. exd5 Ne7 9. Bg5 Ng6 10. Bb5+ Bd7 11. Bxf6 Qxf6 12. Bxd7+ Kxd7 13. O-O Qf4 14. Qb3 Rb8 15. Qb5+ Kd8 16. Qa5+ 1-0

[Event "Titled Tuesday 2022.07.05 Late"]
[Site "chess.com INT"]
[Date "2022.07.05"]
[Round "8"]
[White "Preotu, Razvan"]
[Black "Ezat, Mohamed"]
[Result "1-0"]
[WhiteElo "2445"]
[BlackElo "2388"]
[WhiteFideId "-1"]
[WhiteFideId "-1"]
[PlyCount "131"]
[GameId "2130307574116019"]
[EventDate "2022.07.05"]
[EventType "swiss (blitz)"]
[EventRounds "11"]
[EventCountry "NET"]
[SourceTitle "The Week in Chess 1444"]
[Source "Mark Crowther"]
[SourceDate "2022.07.11"]
[SourceVersion "1"]
[SourceVersionDate "2022.07.11"]
[SourceQuality "2"]

1. e4 c6 2. Nc3 d5 3. Nf3 Bg4 4. h3 Bh5 5. exd5 cxd5 6. Bb5+ Nc6 7. g4 Bg6 8. Ne5 Rc8 9. d4 e6 10. Qe2 Bb4 11. h4 Nge7 12. h5 Be4 13. f3 O-O 14. Nxc6 Nxc6 15. Be3 Qf6 16. fxe4 Nxd4 17. Bxd4 Qxd4 18. Rd1 Bxc3+ 19. bxc3 Qxc3+ 20. Kf1 Qxc2 21. exd5 exd5 22. Rxd5 a6 23. Bd3 Qc6 24. Qe4 g6 25. Kg2 Rfe8 26. Qf3 Re6 27. g5 Rce8 28. Rf1 R6e7 29. h6 Qc3 30. Rf2 Rf8 31. Qf6 Qxf6 32. Rxf6 Rfe8 33. Bc4 Re4 34. Rc5 R4e7 35. Rxf7 Rxf7 36. Rc7 Ref8 37. Rxb7 a5 38. a4 Kh8 39. Bxf7 Rc8 40. Kf2 Rc2+ 41. Ke3 Rc3+ 42. Kd4 Rc4+ 43. Ke5 Re4+ 44. Kd6 Re6+ 45. Kc5 Re5+ 46. Bd5 Re8 47. Bc6 Rc8 48. Kb6 Kg8 49. Ra7 Rb8+ 50. Bb7 Kf7 51. Ra8 Re8 52. Rxe8 Kxe8 53. Kxa5 Ke7 54. Kb6 Kd6 55. a5 Ke5 56. a6 Kf5 57. a7 Kxg5 58. a8=Q Kxh6 59. Be4 Kh5 60. Qd8 g5 61. Qf6 Kh4 62. Bxh7 Kh3 63. Qxg5 Kh2 64. Be4 Kh3 65. Bd5 Kh2 66. Qg2# 1-0

[Event "Titled Tuesday 2022.06.14 Early"]
[Site "Chess.com INT"]
[Date "2022.06.14"]
[Round "1"]
[White "Buscar, Michael"]
[Black "Preotu, Razvan"]
[Result "0-1"]
[WhiteElo "2088"]
[BlackElo "2445"]
[WhiteFideId "-1"]
[WhiteFideId "-1"]
[PlyCount "36"]
[GameId "1793774269747200"]
[EventDate "2022.06.14"]
[EventType "swiss (blitz)"]
[EventRounds "11"]
[EventCountry "NET"]
[SourceTitle "EXT 2023"]
[Source "ChessBase"]
[SourceDate "2022.10.05"]
[SourceVersion "1"]
[SourceVersionDate "2022.10.05"]
[SourceQuality "1"]

1. d4 Nf6 2. Nf3 g6 3. g3 Bg7 4. Bg2 d5 5. O-O O-O 6. c4 dxc4 7. Na3 c3 8. bxc3 c5 9. Ne5 Nc6 10. Nxc6 bxc6 11. Bxc6 Bh3 12. Bxa8 Qxa8 13. f3 Nd5 14. Qd3 Nxc3 15. Be3 cxd4 16. Rfc1 Bf5 17. Qd2 dxe3 18. Qxe3 Bd4 0-1

[Event "Titled Tuesday 2022.06.14 Early"]
[Site "Chess.com INT"]
[Date "2022.06.14"]
[Round "3"]
[White "Preotu, Razvan"]
[Black "D'Arruda, Ricardo D"]
[Result "1-0"]
[WhiteElo "2445"]
[BlackElo "2271"]
[WhiteFideId "-1"]
[WhiteFideId "-1"]
[PlyCount "133"]
[GameId "1793774271520768"]
[EventDate "2022.06.14"]
[EventType "swiss (blitz)"]
[EventRounds "11"]
[EventCountry "NET"]
[SourceTitle "EXT 2023"]
[Source "ChessBase"]
[SourceDate "2022.10.05"]
[SourceVersion "1"]
[SourceVersionDate "2022.10.05"]
[SourceQuality "1"]

1. e4 c5 2. Nf3 Nc6 3. d4 cxd4 4. Nxd4 e5 5. Nb5 a6 6. Nd6+ Bxd6 7. Qxd6 Qe7 8. Qd2 Nf6 9. f3 d6 10. c4 Be6 11. Nc3 O-O 12. b3 Rac8 13. Ba3 Rfd8 14. Rd1 Nd4 15. Ne2 Nxe2 16. Bxe2 Ne8 17. O-O Qc7 18. Kh1 b6 19. f4 f6 20. Qe3 Qb7 21. Rd2 b5 22. cxb5 axb5 23. Bb4 Rc6 24. Rfd1 Rdc8 25. h3 Qb8 26. Bh5 g6 27. f5 gxf5 28. Qh6 Qb7 29. exf5 Bxf5 30. Bxe8 Rxe8 31. Qxf6 Qf7 32. Qxf7+ Kxf7 33. Rxd6 Rxd6 34. Rxd6 e4 35. Rd5 Ke6 36. Rxb5 e3 37. Kg1 Rd8 38. Rb7 Rd1+ 39. Kh2 Rd3 40. Re7+ Kd5 41. g4 Be6 42. Kg3 Rd1 43. Kf3 Rh1 44. Kxe3 Rxh3+ 45. Kf4 Rh4 46. Rg7 h5 47. Be1 Rxg4+ 48. Rxg4 hxg4 49. Ke3 Bf5 50. Kd2 Bb1 51. a3 Ke4 52. Kc3 Kf3 53. Bh4 g3 54. Be7 Ke2 55. Bc5 g2 56. a4 Kf1 57. b4 g1=Q 58. Bxg1 Kxg1 59. Kd4 Kf2 60. b5 Kf3 61. b6 Be4 62. a5 Bb7 63. Ke5 Ke3 64. Kd6 Kd4 65. Kc7 Ba6 66. b7 Bxb7 67. Kxb7 1-0

[Event "Titled Tuesday 2022.06.14 Early"]
[Site "Chess.com INT"]
[Date "2022.06.14"]
[Round "4"]
[White "Preotu, Razvan"]
[Black "Todorovic, Bojan"]
[Result "0-1"]
[WhiteElo "2445"]
[BlackElo "2222"]
[WhiteFideId "-1"]
[WhiteFideId "-1"]
[PlyCount "132"]
[GameId "1793774272278528"]
[EventDate "2022.06.14"]
[EventType "swiss (blitz)"]
[EventRounds "11"]
[EventCountry "NET"]
[SourceTitle "EXT 2023"]
[Source "ChessBase"]
[SourceDate "2022.10.05"]
[SourceVersion "1"]
[SourceVersionDate "2022.10.05"]
[SourceQuality "1"]

1. e4 c5 2. Nf3 e6 3. c3 d5 4. exd5 exd5 5. d4 Nc6 6. Bb5 Bd6 7. O-O Nge7 8. dxc5 Bxc5 9. Nbd2 O-O 10. Nb3 Bd6 11. Re1 Bf5 12. Bg5 Qc7 13. Bh4 Be4 14. Bg3 Nf5 15. Bxd6 Nxd6 16. Bd3 Rfe8 17. Nbd4 Nc4 18. Re2 Qf4 19. Qe1 Nxb2 20. Bxe4 Rxe4 21. Nxc6 bxc6 22. Rxe4 Qxe4 23. Qxe4 dxe4 24. Ne5 c5 25. Rb1 Nd3 26. Nc6 f5 27. Ne7+ Kf7 28. Nxf5 Kf6 29. Nd6 Ke5 30. Nc4+ Kd5 31. Ne3+ Ke5 32. Rb7 a5 33. a4 g6 34. Rxh7 Rb8 35. g3 Rb1+ 36. Kg2 Ra1 37. Rg7 Rxa4 38. Rxg6 Ra2 39. h4 Rxf2+ 40. Kh3 Rf3 41. Nc4+ Kd5 42. Nb6+ Ke5 43. Nc4+ Kd5 44. Nb6+ Ke5 45. Rg5+ Kd6 46. Nc4+ Ke7 47. Nxa5 e3 48. Kg2 e2 49. Kxf3 e1=Q 50. Nc4 Qf2+ 51. Ke4 Qe2+ 52. Ne3 Nf2+ 53. Kf4 Nh3+ 54. Ke4 Nxg5+ 55. hxg5 Ke6 56. c4 Qe1 57. Kf3 Ke5 58. g6 Kf6 59. Ng2 Qc3+ 60. Ne3 Kxg6 61. Ke4 Qd4+ 62. Kf3 Kg5 63. Kf2 Qe4 64. Ke2 Kf6 65. Kf2 Ke5 66. Ng2 Qxc4 0-1

[Event "Titled Tuesday 2022.06.14 Early"]
[Site "Chess.com INT"]
[Date "2022.06.14"]
[Round "5"]
[White "Maiorov, Nikita"]
[Black "Preotu, Razvan"]
[Result "1/2-1/2"]
[WhiteElo "2474"]
[BlackElo "2445"]
[WhiteFideId "-1"]
[WhiteFideId "-1"]
[PlyCount "86"]
[GameId "1793774272589824"]
[EventDate "2022.06.14"]
[EventType "swiss (blitz)"]
[EventRounds "11"]
[EventCountry "NET"]
[SourceTitle "EXT 2023"]
[Source "ChessBase"]
[SourceDate "2022.10.05"]
[SourceVersion "1"]
[SourceVersionDate "2022.10.05"]
[SourceQuality "1"]

1. d4 Nf6 2. c4 g6 3. g3 c6 4. Bg2 d5 5. Nf3 Bg7 6. O-O O-O 7. Nbd2 Bf5 8. b3 a5 9. Ba3 Re8 10. e3 b5 11. Qe2 Qb6 12. Nh4 Bg4 13. Qd3 Na6 14. h3 Bd7 15. c5 Qc7 16. f4 Nb4 17. Qb1 Nh5 18. Kh2 f5 19. Nhf3 Nf6 20. Ne5 Ne4 21. Nxe4 dxe4 22. Nxd7 Qxd7 23. Bxb4 axb4 24. Qe1 Ra3 25. Qxb4 Rea8 26. Rf2 Qd5 27. Rb2 h5 28. h4 e6 29. Bf1 Bf6 30. Be2 Bd8 31. Qd2 Ba5 32. Qc2 Bb4 33. Rg1 Kf7 34. Rg2 Kf6 35. Bf1 R8a7 36. Qb1 Bc3 37. Rbc2 Bb4 38. Qc1 Ra8 39. Rge2 R8a7 40. Rg2 Ra8 41. Qb1 R8a7 42. Qd1 Ra8 43. Qb1 R8a7 1/2-1/2

[Event "Titled Tuesday 2022.06.14 Early"]
[Site "Chess.com INT"]
[Date "2022.06.14"]
[Round "6"]
[White "Preotu, Razvan"]
[Black "Matyukov, Petr"]
[Result "1-0"]
[WhiteElo "2445"]
[BlackElo "2315"]
[WhiteFideId "-1"]
[WhiteFideId "-1"]
[PlyCount "75"]
[GameId "1793774273093632"]
[EventDate "2022.06.14"]
[EventType "swiss (blitz)"]
[EventRounds "11"]
[EventCountry "NET"]
[SourceTitle "EXT 2023"]
[Source "ChessBase"]
[SourceDate "2022.10.05"]
[SourceVersion "1"]
[SourceVersionDate "2022.10.05"]
[SourceQuality "1"]

1. e4 c5 2. Nf3 g6 3. d4 cxd4 4. Nxd4 Nc6 5. c4 Nf6 6. Nc3 d6 7. Be2 Bg7 8. Be3 O-O 9. O-O Bd7 10. Nc2 Rc8 11. f4 a6 12. a4 Qa5 13. Rb1 Nb4 14. Nxb4 Qxb4 15. e5 Ne8 16. Nd5 Qxa4 17. Qxa4 Bxa4 18. Nxe7+ Kh8 19. Nxc8 dxe5 20. Bc5 Rg8 21. b3 Bc6 22. Ne7 exf4 23. Nxg8 Kxg8 24. Bf3 Bxf3 25. Rxf3 Nc7 26. Rd1 Ne6 27. Bb6 g5 28. Rd7 h5 29. Rxb7 g4 30. Rd3 Ng5 31. c5 f3 32. c6 fxg2 33. Kxg2 Nh3 34. Be3 Be5 35. Rdd7 f5 36. c7 Bxc7 37. Rbxc7 f4 38. Rc8# 1-0

[Event "Titled Tuesday 2022.06.14 Early"]
[Site "Chess.com INT"]
[Date "2022.06.14"]
[Round "7"]
[White "Kretchetov, Alexandre"]
[Black "Preotu, Razvan"]
[Result "0-1"]
[WhiteElo "2226"]
[BlackElo "2445"]
[WhiteFideId "-1"]
[WhiteFideId "-1"]
[PlyCount "78"]
[GameId "1793774273794048"]
[EventDate "2022.06.14"]
[EventType "swiss (blitz)"]
[EventRounds "11"]
[EventCountry "NET"]
[SourceTitle "EXT 2023"]
[Source "ChessBase"]
[SourceDate "2022.10.05"]
[SourceVersion "1"]
[SourceVersionDate "2022.10.05"]
[SourceQuality "1"]

1. d4 Nf6 2. Bf4 d5 3. e3 c5 4. c3 Nc6 5. Nd2 Bf5 6. Ngf3 Qb6 7. Qb3 c4 8. Qxb6 axb6 9. a3 b5 10. Rc1 h6 11. h3 Nd7 12. Be2 Nb6 13. Bd1 Na4 14. Bxa4 bxa4 15. Ne5 e6 16. f3 Nxe5 17. dxe5 Bd3 18. Nf1 Bc5 19. h4 Ra6 20. Rd1 Rb6 21. Rd2 Ke7 22. Kd1 Ra8 23. g4 Bxa3 24. Rxd3 Bxb2 25. Rd2 a3 26. Ke2 a2 27. Ng3 a1=Q 28. Rxa1 Rxa1 29. Rc2 Rb3 30. g5 hxg5 31. Bxg5+ Kf8 32. e4 Bxc3 33. exd5 exd5 34. Nf5 d4 35. Kf2 Rb2 36. Rxb2 Bxb2 37. Be7+ Kg8 38. Bc5 d3 39. Ne3 c3 0-1

[Event "Chess.com RCC Wk18 Swiss"]
[Site "chess.com INT"]
[Date "2022.06.11"]
[Round "5"]
[White "Preotu, Razvan"]
[Black "Xu, Yi"]
[Result "1-0"]
[WhiteElo "2445"]
[BlackElo "2507"]
[WhiteFideId "-1"]
[WhiteFideId "-1"]
[PlyCount "127"]
[GameId "2130307574989881"]
[EventDate "2022.06.11"]
[EventType "swiss (rapid)"]
[EventRounds "9"]
[EventCountry "NET"]
[SourceTitle "The Week in Chess 1440"]
[Source "Mark Crowther"]
[SourceDate "2022.06.13"]
[SourceVersion "1"]
[SourceVersionDate "2022.06.13"]
[SourceQuality "2"]

1. e4 c5 2. Nf3 d6 3. d4 cxd4 4. Nxd4 Nf6 5. Nc3 a6 6. Rg1 h5 7. h3 b5 8. g4 hxg4 9. hxg4 b4 10. Nd5 Bb7 11. Bg2 e6 12. Nxf6+ gxf6 13. Be3 Nd7 14. Qd2 Qc7 15. O-O-O Rb8 16. Kb1 Ne5 17. Qxb4 Nxg4 18. Bc1 Ne5 19. f4 Nc6 20. Nxc6 Bxc6 21. Qd4 Be7 22. Rh1 Kd7 23. Rxh8 Rxh8 24. Bf1 Rb8 25. Bxa6 Ra8 26. Bc4 Qa5 27. Bb3 Rb8 28. e5 Rb4 29. Qc3 fxe5 30. fxe5 d5 31. Qf3 Qc7 32. Qxf7 Qxe5 33. Qf2 Rb8 34. Qa7+ Rb7 35. Qa6 Bf6 36. Rf1 Rc7 37. Ba4 Bxa4 38. Qxa4+ Ke7 39. c3 Qe4+ 40. Qxe4 dxe4 41. Re1 Rc4 42. Kc2 Be5 43. Bd2 Kd6 44. b3 Rc7 45. Rxe4 Ra7 46. a4 Kd5 47. Kd3 Rh7 48. c4+ Kd6 49. Bb4+ Kc6 50. Rxe5 Rh3+ 51. Re3 Rh6 52. a5 Rh5 53. Bc3 Kb7 54. b4 Rf5 55. b5 Rf7 56. Bd4 Ka8 57. Kc3 Rd7 58. Bc5 Rd8 59. Rxe6 Rc8 60. Kb4 Rb8 61. b6 Rc8 62. a6 Rxc5 63. Kxc5 Kb8 64. Re8# 1-0

[Event "Chess.com Rapid Wk18 Swiss"]
[Site "Chess.com INT"]
[Date "2022.06.11"]
[Round "1"]
[White "Preotu, Razvan"]
[Black "Sarana, Alexey"]
[Result "0-1"]
[WhiteElo "2445"]
[BlackElo "2670"]
[WhiteFideId "-1"]
[WhiteFideId "-1"]
[PlyCount "156"]
[GameId "1791222599688192"]
[EventDate "2022.06.11"]
[EventType "swiss (rapid)"]
[EventRounds "9"]
[EventCountry "USA"]
[SourceTitle "CBM 208 Extra"]
[Source "ChessBase"]
[SourceDate "2022.07.31"]
[SourceVersion "1"]
[SourceVersionDate "2022.07.31"]
[SourceQuality "1"]

1. e4 c5 2. Nf3 d6 3. d4 cxd4 4. Nxd4 Nf6 5. Nc3 a6 6. Rg1 e5 7. Nb3 Be6 8. g4 d5 9. exd5 Nxd5 10. Nxd5 Qxd5 11. Qxd5 Bxd5 12. Be3 Nc6 13. O-O-O O-O-O 14. Bb6 Rd7 15. g5 Be6 16. Rxd7 Bxd7 17. Nc5 Bf5 18. Bc4 Bg6 19. Bd5 h6 20. h4 hxg5 21. hxg5 Rh4 22. c3 Bd6 23. b4 Bxc5 24. Bxc5 Kc7 25. Bf8 Rf4 26. f3 Bh5 27. Rg3 g6 28. Kd2 Rh4 29. a4 Nd8 30. Be7 Ne6 31. Bf6 Rh2+ 32. Kc1 Kd6 33. Bxb7 Nf4 34. Bxa6 Nd5 35. Bc4 Nxc3 36. a5 Na2+ 37. Kb1 Nxb4 38. a6 Nc6 39. Bb5 Rf2 40. Bxe5+ Kc5 41. Bd4+ Nxd4 42. a7 Bxf3 43. Rxf3 Rxf3 44. a8=Q Rb3+ 45. Kc1 Rxb5 46. Qf8+ Kc4 47. Qxf7+ Kc3 48. Qc7+ Kd3 49. Qg3+ Kc4 50. Qe3 Rb3 51. Qe4 Rb6 52. Kd2 Rb2+ 53. Kd1 Rb6 54. Qe8 Re6 55. Qd7 Kd3 56. Qa4 Rc6 57. Qa3+ Ke4 58. Kd2 Rc2+ 59. Kd1 Rc6 60. Qg3 Re6 61. Qg2+ Ke5 62. Kd2 Nf5 63. Kd3 Kd6 64. Kc4 Ke7 65. Qa2 Rd6 66. Qa7+ Ke6 67. Qh7 Ne7 68. Kc5 Kd7 69. Qg7 Rc6+ 70. Kd4 Rd6+ 71. Ke5 Re6+ 72. Kf4 Rc6 73. Kg4 Rc4+ 74. Kf3 Rc5 75. Qd4+ Rd5 76. Qe4 Rd6 77. Qd5 Rxd5 78. Ke4 Rf5 0-1

[Event "Chess.com Rapid Wk18 Swiss"]
[Site "Chess.com INT"]
[Date "2022.06.11"]
[Round "2"]
[White "Rychagov, Andrey"]
[Black "Preotu, Razvan"]
[Result "0-1"]
[WhiteElo "2549"]
[BlackElo "2445"]
[WhiteFideId "-1"]
[WhiteFideId "-1"]
[PlyCount "72"]
[GameId "1791222599725056"]
[EventDate "2022.06.11"]
[EventType "swiss (rapid)"]
[EventRounds "9"]
[EventCountry "USA"]
[SourceTitle "CBM 208 Extra"]
[Source "ChessBase"]
[SourceDate "2022.07.31"]
[SourceVersion "1"]
[SourceVersionDate "2022.07.31"]
[SourceQuality "1"]

1. d4 Nf6 2. c4 g6 3. Nc3 d5 4. cxd5 Nxd5 5. Bd2 c5 6. Rc1 Nxc3 7. Bxc3 Bh6 8. e3 cxd4 9. Qxd4 Qxd4 10. Bxd4 O-O 11. Bb5 Nc6 12. Bxc6 bxc6 13. Nf3 Be6 14. a3 Bd5 15. Ke2 f6 16. Rc5 e5 17. Bc3 Rfb8 18. Rc1 a5 19. Rc2 Rb5 20. Bd2 Bf8 21. Rxb5 cxb5 22. Rc7 b4 23. axb4 axb4 24. Ne1 Ra2 25. Bc1 b3 26. f3 Bd6 27. Rd7 Bc4+ 28. Kd1 Bb4 29. Nd3 Bf8 30. Nf2 Bf1 31. Ne4 Ra6 32. g4 f5 33. gxf5 gxf5 34. Ng3 Bh3 35. Bd2 f4 36. exf4 Bxd7 0-1

[Event "Chess.com Rapid Wk18 Swiss"]
[Site "Chess.com INT"]
[Date "2022.06.11"]
[Round "3"]
[White "Preotu, Razvan"]
[Black "Indjic, Aleksandar"]
[Result "0-1"]
[WhiteElo "2445"]
[BlackElo "2620"]
[WhiteFideId "-1"]
[WhiteFideId "-1"]
[PlyCount "58"]
[GameId "1791222599811072"]
[EventDate "2022.06.11"]
[EventType "swiss (rapid)"]
[EventRounds "9"]
[EventCountry "USA"]
[SourceTitle "CBM 208 Extra"]
[Source "ChessBase"]
[SourceDate "2022.07.31"]
[SourceVersion "1"]
[SourceVersionDate "2022.07.31"]
[SourceQuality "1"]

1. e4 c5 2. Nf3 d6 3. d4 cxd4 4. Nxd4 Nf6 5. Nc3 a6 6. Be2 e5 7. Nb3 Be7 8. Be3 Be6 9. O-O Nbd7 10. a4 Rc8 11. a5 Rxc3 12. bxc3 Nxe4 13. Bf3 f5 14. Qd3 d5 15. Nd2 O-O 16. c4 d4 17. Nxe4 fxe4 18. Bxe4 Nc5 19. Bxh7+ Kh8 20. Qe2 Kxh7 21. Bd2 e4 22. Bb4 Kg8 23. Bxc5 Bxc5 24. Qxe4 Bxc4 25. Rfd1 Bd5 26. Qd3 Qf6 27. Rd2 Qg5 28. f4 Qxf4 29. Re1 Bb4 0-1

[Event "Chess.com Rapid Wk18 Swiss"]
[Site "Chess.com INT"]
[Date "2022.06.11"]
[Round "4"]
[White "Maiorov, Nikita"]
[Black "Preotu, Razvan"]
[Result "1-0"]
[WhiteElo "2474"]
[BlackElo "2445"]
[WhiteFideId "-1"]
[WhiteFideId "-1"]
[PlyCount "77"]
[GameId "1791222599991296"]
[EventDate "2022.06.11"]
[EventType "swiss (rapid)"]
[EventRounds "9"]
[EventCountry "USA"]
[SourceTitle "CBM 208 Extra"]
[Source "ChessBase"]
[SourceDate "2022.07.31"]
[SourceVersion "1"]
[SourceVersionDate "2022.07.31"]
[SourceQuality "1"]

1. d4 Nf6 2. c4 g6 3. g3 c6 4. Bg2 d5 5. e3 Bg7 6. Ne2 O-O 7. b3 dxc4 8. bxc4 c5 9. O-O cxd4 10. exd4 Nc6 11. Nbc3 Bf5 12. h3 Rc8 13. g4 Bd7 14. c5 Be6 15. Rb1 Nd5 16. Ne4 h6 17. Rxb7 f5 18. gxf5 gxf5 19. N4g3 f4 20. Bxf4 Nxf4 21. Nxf4 Rxf4 22. d5 Rd4 23. Qh5 Bxd5 24. Nf5 Bf7 25. Nxh6+ Bxh6 26. Qxh6 Qf8 27. Qe3 Qg7 28. Kh1 Qf6 29. Rg1 Kf8 30. Be4 Rcd8 31. Rg4 Ne5 32. Rf4 Rd1+ 33. Kh2 Qg5 34. Bg2 Kg8 35. c6 Bd5 36. Rf8+ Kxf8 37. Qxg5 Nf7 38. Qxe7+ Kg8 39. Bxd5 1-0

[Event "Chess.com Rapid Wk18 Swiss"]
[Site "Chess.com INT"]
[Date "2022.06.11"]
[Round "6"]
[White "Hong, Andrew"]
[Black "Preotu, Razvan"]
[Result "0-1"]
[WhiteElo "2504"]
[BlackElo "2445"]
[WhiteFideId "-1"]
[WhiteFideId "-1"]
[PlyCount "104"]
[GameId "1791222600101888"]
[EventDate "2022.06.11"]
[EventType "swiss (rapid)"]
[EventRounds "9"]
[EventCountry "USA"]
[SourceTitle "CBM 208 Extra"]
[Source "ChessBase"]
[SourceDate "2022.07.31"]
[SourceVersion "1"]
[SourceVersionDate "2022.07.31"]
[SourceQuality "1"]

1. e4 c5 2. Nf3 d6 3. Nc3 Nf6 4. e5 dxe5 5. Nxe5 a6 6. g3 Qd6 7. Qe2 Nc6 8. Nxc6 Qxc6 9. Rg1 Bg4 10. Bg2 Qxg2 11. Rxg2 Bxe2 12. Kxe2 Rc8 13. d3 e6 14. Bf4 b5 15. Be5 Nd7 16. Bf4 f5 17. g4 g6 18. gxf5 exf5 19. Nd5 Bg7 20. c3 Kf7 21. h4 Rhe8+ 22. Kd2 Ne5 23. Rg3 Rcd8 24. Nc7 Nc4+ 25. Kd1 Nxb2+ 26. Kc2 Re2+ 27. Bd2 Nc4 28. Rd1 Nxd2 29. Rxd2 Rxd2+ 30. Kxd2 Be5 31. Nxa6 Bxg3 32. fxg3 Rc8 33. d4 cxd4 34. cxd4 Ke6 35. Nb4 Rc4 36. Nc2 Kd5 37. Kd3 Rxc2 38. Kxc2 Kxd4 39. Kb3 h6 40. Kb4 g5 41. hxg5 hxg5 42. Kxb5 f4 43. gxf4 gxf4 44. a4 f3 45. a5 f2 46. a6 f1=Q+ 47. Kb6 Qf3 48. Ka7 Qc6 49. Kb8 Qxa6 50. Kc7 Kc5 51. Kd7 Qd6+ 52. Ke8 Qc7 0-1